000 00308pab a2200145 454500
008 180718b1999 xxu||||| |||| 00| 0 eng d
100 _aChatterjee, Achintya
245 _aRole model
260 _c1999
300 _ap.6
362 _a5 Sep
650 _aEducation
773 _aStatesman
909 _a43229
999 _c43229
_d43229